A Day at the Zoo (Record no. 27)

MARC details
000 -LEADER
fixed length control field 00298nam a22001097a 4500
008 - FIXED-LENGTH DATA ELEMENTS--GENERAL INFORMATION
fixed length control field 160618b xxu||||| |||| 00| 0 eng d
100 ## - MAIN ENTRY--PERSONAL NAME
9 (RLIN) 31
Personal name Holland Enterprises
245 ## - TITLE STATEMENT
Title A Day at the Zoo
Remainder of title A Day at the Zoo
260 ## - PUBLICATION, DISTRIBUTION, ETC. (IMPRINT)
Place of publication, distribution, etc. Essar.Holland Enterprises
Date of publication, distribution, etc. 1998
300 ## - PHYSICAL DESCRIPTION
Extent A Day at the Zoo
942 ## - ADDED ENTRY ELEMENTS (KOHA)
Source of classification or shelving scheme Dewey Decimal Classification
Koha item type BOOK
Holdings
Withdrawn status Lost status Source of classification or shelving scheme Damaged status Not for loan Home library Current library Date acquired Total Checkouts Full call number Barcode Date last seen Price effective from Koha item type
    Dewey Decimal Classification     Good Samaritan School Library Good Samaritan School Library 06/18/2016   80 HOL25 06/18/2016 06/18/2016 BOOK

Powered by Koha